| LEADER | 00916nam a2200181 4500 | ||
|---|---|---|---|
| 082 | |a 133.33 |b B308m. | ||
| 100 | |a Lê Hưng | ||
| 245 | |a Biết mình - hiểu người, hài hòa cuộc sống: Linh khu thời mệnh lý |c Lê Hưng, Bành Thanh Hương, Lê Vương Duy,... | ||
| 260 | |a Tp HCM |b Tổng hợp |c 2012 | ||
| 300 | |a 179 tr. |c 21cm. | ||
| 520 | |a v.v... | ||
| 653 | |a Bói toán | ||
| 653 | |a Kinh dịch | ||
| 942 | |2 ddc |c STK0 | ||
| 999 | |c 8599 |d 8599 | ||
| 952 | |0 0 |1 0 |2 ddc |4 0 |6 133_330000000000000_B308M |7 0 |8 100 |9 70568 |a qbu |b qbu |c D2 |d 2015-04-12 |g 45000 |o 133.33 B308m. |p 8384.c1 |r 0000-00-00 |w 2015-04-12 |y STK0 | ||
| 952 | |0 0 |1 0 |2 ddc |4 0 |6 133_330000000000000_B308M |7 0 |8 100 |9 70569 |a qbu |b qbu |c D2 |d 2015-04-12 |g 45000 |o 133.33 B308m. |p 8384.c2 |r 0000-00-00 |w 2015-04-12 |y STK0 | ||
| 952 | |0 0 |1 0 |2 ddc |4 0 |6 133_330000000000000_B308M |7 0 |8 100 |9 70570 |a qbu |b qbu |c D2 |d 2015-04-12 |g 45000 |o 133.33 B308m. |p 8384.c3 |r 0000-00-00 |w 2015-04-12 |y STK0 | ||